| 000 | 00358nam a2200145Ia 4500 | ||
|---|---|---|---|
| 008 | 180207s9999 xx 000 0 und d | ||
| 050 | _bB619 1992 | ||
| 245 | _aBirthday surprise / | ||
| 260 | _aCanada : | ||
| 260 | _bTormont Publications, Inc., | ||
| 260 | _c1992 | ||
| 300 | _aunpaged : | ||
| 300 | _bcolor illustration ; | ||
| 440 | _aThe Teddy Bears. | ||
| 999 |
_c355324 _d355324 |
||